[Event "I Magistral Ruibal"]
[Site "Buenos Aires ARG"]
[Date "2008.10.06"]
[Round "6.3"]
[White "Contin, Daniel"]
[Black "Valerga, Diego"]
[Result "0-1"]
[WhiteElo "2304"]
[BlackElo "2502"]
[PlyCount "86"]
[EventDate "2008.09.29"]
[EventType "tourn"]
[EventRounds "9"]
[EventCountry "ARG"]
[EventCategory "9"]
[Source "lmi"]
[SourceDate "2008.09.29"]

1. c4 Nf6 2. Nc3 d5 3. cxd5 Nxd5 4. g3 g6 5. Bg2 Nxc3 6. bxc3 Bg7 7. Rb1 Nc6 8.
Nf3 O-O 9. Qc2 b6 10. h4 Qd6 11. d3 Bg4 12. Ng5 Rad8 13. Bf4 e5 14. Be3 Na5 15.
h5 f6 16. Bf3 gxh5 17. Bxg4 hxg4 18. Nxh7 Rfe8 19. Rb4 f5 20. Ng5 c5 21. Rb1
Qg6 22. Kf1 Bf6 23. Nh7 Be7 24. Kg2 Qc6+ 25. f3 Rd6 26. Rh5 Rg6 27. Rbh1 f4 28.
Bf2 Kf7 29. Rxe5 fxg3 30. Be3 Bf6 31. Re4 gxf3+ 32. exf3 Rh8 33. Ng5+ Kg8 34.
Rxh8+ Kxh8 35. Qc1 Kg8 36. Ne6 Qd5 37. Qc2 Qh5 38. Bg1 Rh6 39. Rg4+ Kf7 40. Nf4
Qh1+ 41. Kxg3 Bh4+ 42. Rxh4 Qxh4+ 43. Kg2 Qxf4 0-1

[Event "I Magistral Ruibal"]
[Site "Buenos Aires ARG"]
[Date "2008.10.06"]
[Round "6.4"]
[White "Liascovich, Lucas"]
[Black "Mareco, Sandro"]
[Result "1/2-1/2"]
[WhiteElo "2435"]
[BlackElo "2477"]
[PlyCount "120"]
[EventDate "2008.09.29"]
[EventType "tourn"]
[EventRounds "9"]
[EventCountry "ARG"]
[EventCategory "9"]
[Source "lmi"]
[SourceDate "2008.09.29"]

1. d4 Nf6 2. c4 e6 3. Nf3 b6 4. a3 Ba6 5. Qc2 Bb7 6. Nc3 c5 7. e4 cxd4 8. Nxd4
Bc5 9. Nb3 Nc6 10. Bf4 O-O 11. O-O-O e5 12. Bg5 Nd4 13. Nxd4 Bxd4 14. Nb5 Bxe4
15. Bd3 Bxd3 16. Qxd3 Bc5 17. Qf5 h6 18. h4 Qe7 19. Bxf6 Qxf6 20. Qxf6 gxf6 21.
f3 a6 22. Nc7 Ra7 23. Nd5 Kg7 24. Rh3 f5 25. Kc2 Rc8 26. b4 Bf2 27. Kb3 d6 28.
Rd2 Bd4 29. a4 Rb7 30. Rg3+ Kh8 31. h5 f4 32. Rg4 Rg8 33. Rxg8+ Kxg8 34. Rd3 a5
35. Nxf4 axb4 36. g4 Bc5 37. Nd5 Kg7 38. Nxb4 f5 39. Nd5 Rf7 40. Kc2 Kf8 41.
Rd2 fxg4 42. fxg4 Rf3 43. Rd3 e4 44. Rxf3+ exf3 45. Kd3 Kf7 46. Kd2 Ke6 47. Ke1
Ke5 48. g5 hxg5 49. h6 Ke6 50. h7 Bd4 51. Ne3 Kf7 52. Nf5 Bc3+ 53. Kf2 Kg6 54.
Ne7+ Kxh7 55. Kxf3 Kg7 56. Kg4 Kf7 57. Nd5 Bf6 58. Kf5 Bd8 59. Ne3 Bf6 60. Nd5
Bd8 1/2-1/2

[Event "I Magistral Ruibal"]
[Site "Buenos Aires ARG"]
[Date "2008.10.07"]
[Round "7.1"]
[White "Larsen, Bent"]
[Black "Garcia Palermo, Carlos"]
[Result "0-1"]
[WhiteElo "2461"]
[BlackElo "2456"]
[PlyCount "58"]
[EventDate "2008.09.29"]
[EventType "tourn"]
[EventRounds "9"]
[EventCountry "ARG"]
[EventCategory "9"]
[Source "lmi"]
[SourceDate "2008.09.29"]

1. g4 d5 2. Bg2 c6 3. h3 e5 4. d3 Bd6 5. a4 Ne7 6. Nd2 Ng6 7. Ndf3 O-O 8. a5
Na6 9. c3 f5 10. Bg5 Be7 11. gxf5 Bxf5 12. Be3 e4 13. Nd4 Nh4 14. Bf1 exd3 15.
exd3 c5 16. Nxf5 Nxf5 17. Qg4 Bh4 18. Kd2 d4 19. Bf4 Bxf2 20. Nf3 Qe7 21. Kc2
Rae8 22. h4 Nc7 23. c4 Ne6 24. Bd2 Be3 25. Kb3 Qf6 26. Bg2 Bxd2 27. Nxd2 Ne3
28. Qh5 Nxg2 29. Ne4 Qf3 0-1

[Event "I Magistral Ruibal"]
[Site "Buenos Aires ARG"]
[Date "2008.10.07"]
[Round "7.2"]
[White "Mareco, Sandro"]
[Black "Rodriguez Vila, Andres"]
[Result "0-1"]
[WhiteElo "2477"]
[BlackElo "2531"]
[PlyCount "136"]
[EventDate "2008.09.29"]
[EventType "tourn"]
[EventRounds "9"]
[EventCountry "ARG"]
[EventCategory "9"]
[Source "lmi"]
[SourceDate "2008.09.29"]

1. d4 Nf6 2. c4 e6 3. Nc3 Bb4 4. e3 b6 5. Nf3 Bb7 6. Bd3 Ne4 7. O-O Bxc3 8.
bxc3 f5 9. d5 exd5 10. cxd5 Bxd5 11. Nd4 O-O 12. Qc2 g6 13. Ba3 c5 14. f3 Nf6
15. e4 Bf7 16. Nb5 d5 17. Bc1 a6 18. Na3 c4 19. Be2 fxe4 20. fxe4 b5 21. exd5
Bxd5 22. Bh6 Rf7 23. Rad1 Nbd7 24. Qd2 Qb6+ 25. Be3 Qc6 26. Bd4 Re8 27. Nc2
Bxg2 28. Nb4 Rxe2 29. Qxe2 Bxf1 30. Rxf1 Qd6 31. Qf3 Qe6 32. Qa8+ Rf8 33. Qxa6
Qxa6 34. Nxa6 Nd5 35. Rb1 Rf3 36. Nb4 Nxc3 37. Re1 Na4 38. Nd5 Rd3 39. Ne7+ Kf8
40. Nc6 Rf3 41. Kg2 Rf5 42. Be3 g5 43. Nd4 Re5 44. Nc6 Re8 45. Rf1+ Kg8 46.
Bxg5 Nc3 47. a3 Re2+ 48. Kh3 Ne4 49. Ne7+ Kg7 50. Bh4 Ndf6 51. Nf5+ Kf7 52.
Nd6+ Ke6 53. Nxb5 Ke5 54. Rf3 Nd5 55. Bg3+ Nxg3 56. hxg3 Rb2 57. a4 Ra2 58. g4
Nf4+ 59. Kg3 Ne2+ 60. Kh4 Nd4 61. Rf1 Nxb5 62. axb5 c3 63. Kg5 Kd4 64. b6 Rb2
65. Kh6 c2 66. Rc1 Kd3 67. g5 Rb5 68. Rg1 Rb1 0-1

[Event "I Magistral Ruibal"]
[Site "Buenos Aires ARG"]
[Date "2008.10.07"]
[Round "7.3"]
[White "Valerga, Diego"]
[Black "Liascovich, Lucas"]
[Result "1-0"]
[WhiteElo "2502"]
[BlackElo "2435"]
[PlyCount "97"]
[EventDate "2008.09.29"]
[EventType "tourn"]
[EventRounds "9"]
[EventCountry "ARG"]
[EventCategory "9"]
[Source "lmi"]
[SourceDate "2008.09.29"]

1. e4 e5 2. Nf3 Nc6 3. Bb5 Bc5 4. c3 Nge7 5. d4 exd4 6. cxd4 Bb4+ 7. Bd2 Bxd2+
8. Nbxd2 d5 9. Ne5 O-O 10. Bxc6 bxc6 11. O-O f6 12. Nef3 dxe4 13. Nxe4 Rb8 14.
b3 Bg4 15. h3 Bxf3 16. Qxf3 Qxd4 17. Rac1 Ng6 18. Nc5 Ne5 19. Qf5 g6 20. Qc2
Rbe8 21. Rfd1 Qf4 22. Qd2 Qg5 23. Qxg5 fxg5 24. f3 Rf6 25. Ne4 Rf5 26. Rd4 Kg7
27. Ra4 a5 28. Ng3 Nxf3+ 29. gxf3 Rxf3 30. Kg2 Rd3 31. Rxa5 Rd2+ 32. Kg1 Re6
33. Nf1 Rb2 34. Ra7 Kf6 35. Rxc7 h5 36. R1xc6 Rxa2 37. Rxe6+ Kxe6 38. Rc5 g4
39. h4 Rb2 40. Rb5 Kd6 41. Ng3 Kc6 42. Rg5 Rb1+ 43. Kf2 Rb2+ 44. Ne2 Kd7 45.
Rxg6 Rxb3 46. Rg5 Rh3 47. Rxh5 Rh2+ 48. Ke3 Ke6 49. Ng3 1-0

[Event "I Magistral Ruibal"]
[Site "Buenos Aires ARG"]
[Date "2008.10.07"]
[Round "7.4"]
[White "Dos Santos, Ramiro"]
[Black "Contin, Daniel"]
[Result "1-0"]
[WhiteElo "2435"]
[BlackElo "2304"]
[PlyCount "111"]
[EventDate "2008.09.29"]
[EventType "tourn"]
[EventRounds "9"]
[EventCountry "ARG"]
[EventCategory "9"]
[Source "lmi"]
[SourceDate "2008.09.29"]

1. e4 e6 2. d4 d5 3. Nc3 Bb4 4. e5 c5 5. a3 Bxc3+ 6. bxc3 Ne7 7. Qg4 O-O 8. Bd3
f5 9. exf6 Rxf6 10. Bg5 Rf7 11. Qh5 g6 12. Qd1 Nbc6 13. Nf3 Qf8 14. O-O c4 15.
Be2 h6 16. Bc1 Qg7 17. a4 Bd7 18. Ba3 g5 19. Re1 Ng6 20. Bf1 Qf6 21. h3 Nf4 22.
Re3 Kh7 23. Nh2 Rg8 24. Ng4 Qg7 25. Bd6 h5 26. Ne5 Nxe5 27. Rxe5 Qh6 28. Re3 h4
29. Be5 Rgf8 30. a5 Ng6 31. Bd6 Rxf2 32. Bxf8 Rxf8 33. Rb1 Bc8 34. Rf3 Nf4 35.
Rf2 Qf6 36. Qe1 Kh6 37. Be2 e5 38. dxe5 Qxe5 39. Bg4 Qc7 40. Bxc8 Rxc8 41. Rxf4
gxf4 42. Qxh4+ Kg6 43. Qg4+ Kf6 44. Re1 Qc5+ 45. Kh1 Rc6 46. Qxf4+ Kg7 47. Qg4+
Rg6 48. Qd7+ Kh6 49. Re7 Qd6 50. Rh7+ Kg5 51. Qg4+ Kf6 52. Qf3+ Ke5 53. Rh5+
Ke6 54. Qf5+ Ke7 55. Rh7+ Kd8 56. Qf7 1-0

[Event "I Magistral Ruibal"]
[Site "Buenos Aires ARG"]
[Date "2008.10.07"]
[Round "7.5"]
[White "Mahia, Gustavo"]
[Black "Lemos, Damian"]
[Result "0-1"]
[WhiteElo "2441"]
[BlackElo "2479"]
[PlyCount "78"]
[EventDate "2008.09.29"]
[EventType "tourn"]
[EventRounds "9"]
[EventCountry "ARG"]
[EventCategory "9"]
[Source "lmi"]
[SourceDate "2008.09.29"]

1. d4 Nf6 2. Bg5 e6 3. e4 h6 4. Bxf6 Qxf6 5. Nf3 d6 6. Nc3 Nd7 7. Qd2 a6 8.
O-O-O Qd8 9. Kb1 Be7 10. h4 c5 11. g3 b5 12. d5 e5 13. Bh3 c4 14. Ne1 Nc5 15.
Bxc8 Qxc8 16. f3 Rb8 17. b4 Nd7 18. Ng2 a5 19. a3 Qa6 20. Kb2 Bd8 21. Ne3 g6
22. Ne2 Bb6 23. c3 axb4 24. axb4 Qa4 25. Ra1 Qb3+ 26. Kc1 Ke7 27. Nc2 Ra8 28.
Rh2 Ra2 29. Rxa2 Qxa2 30. Kd1 f5 31. h5 fxe4 32. hxg6 exf3 33. Nc1 Qa8 34. g7
Rh7 35. Rxh6 Rxh6 36. Qxh6 Qxd5+ 37. Ke1 f2+ 38. Ke2 Nf6 39. Qg6 Qf3+ 0-1

[Event "I Magistral Ruibal"]
[Site "Buenos Aires ARG"]
[Date "2008.10.08"]
[Round "8.1"]
[White "Garcia Palermo, Carlos"]
[Black "Lemos, Damian"]
[Result "1/2-1/2"]
[WhiteElo "2456"]
[BlackElo "2479"]
[PlyCount "28"]
[EventDate "2008.09.29"]
[EventType "tourn"]
[EventRounds "9"]
[EventCountry "ARG"]
[EventCategory "9"]
[Source "lmi"]
[SourceDate "2008.09.29"]

1. d4 Nf6 2. c4 g6 3. Nc3 Bg7 4. e4 d6 5. Nf3 O-O 6. Be2 e5 7. dxe5 dxe5 8.
Qxd8 Rxd8 9. Bg5 Re8 10. Nd5 Nxd5 11. cxd5 c6 12. Bc4 cxd5 13. Bxd5 Nd7 14. Nd2
Nc5 1/2-1/2

[Event "I Magistral Ruibal"]
[Site "Buenos Aires ARG"]
[Date "2008.10.08"]
[Round "8.2"]
[White "Contin, Daniel"]
[Black "Mahia, Gustavo"]
[Result "1/2-1/2"]
[WhiteElo "2304"]
[BlackElo "2441"]
[PlyCount "29"]
[EventDate "2008.09.29"]
[EventType "tourn"]
[EventRounds "9"]
[EventCountry "ARG"]
[EventCategory "9"]
[Source "lmi"]
[SourceDate "2008.09.29"]

1. c4 c5 2. Nf3 Nf6 3. g3 b6 4. Bg2 Bb7 5. O-O g6 6. b3 Bg7 7. Bb2 O-O 8. Nc3
d5 9. Nxd5 Nxd5 10. Bxg7 Kxg7 11. cxd5 Qxd5 12. d4 cxd4 13. Qxd4+ Qxd4 14. Nxd4
Bxg2 15. Kxg2 1/2-1/2

[Event "I Magistral Ruibal"]
[Site "Buenos Aires ARG"]
[Date "2008.10.08"]
[Round "8.3"]
[White "Liascovich, Lucas"]
[Black "Dos Santos, Ramiro"]
[Result "1/2-1/2"]
[WhiteElo "2435"]
[BlackElo "2435"]
[PlyCount "161"]
[EventDate "2008.09.29"]
[EventType "tourn"]
[EventRounds "9"]
[EventCountry "ARG"]
[EventCategory "9"]
[Source "lmi"]
[SourceDate "2008.09.29"]

1. d4 d5 2. c4 dxc4 3. Nf3 Nf6 4. Qa4+ c6 5. Qxc4 Bf5 6. g3 Nbd7 7. Bg2 e6 8.
O-O Be7 9. Nbd2 O-O 10. Qb3 Nb6 11. Re1 h6 12. e4 Bh7 13. e5 Nfd5 14. Ne4 Nb4
15. Qd1 c5 16. a3 Na6 17. Nd6 Bxd6 18. exd6 Qxd6 19. Bf4 Qd8 20. dxc5 Nxc5 21.
Bd6 Nd3 22. Bxf8 Nxe1 23. Nxe1 Qxf8 24. Bxb7 Rd8 25. Qe2 Qd6 26. b4 Qc7 27. Bf3
Qc3 28. Rd1 Rxd1 29. Qxd1 Bg6 30. h4 Nd5 31. h5 Bf5 32. g4 Bh7 33. b5 g5 34.
hxg6 Bxg6 35. a4 Nf4 36. Bg2 h5 37. gxh5 Bxh5 38. Qd8+ Kh7 39. Be4+ f5 40. Qe7+
Kg6 41. Qe8+ Kg7 42. Qe7+ Bf7 43. Ng2 fxe4 44. Nxf4 Qc1+ 45. Kg2 Qxf4 46. Qxa7
Kf6 47. Qd4+ e5 48. Qd6+ Kg5 49. Qd8+ Qf6 50. Qd2+ Kg6 51. a5 Bc4 52. b6 Ba6
53. Qd7 Qg5+ 54. Kh2 Qh4+ 55. Kg2 Qg5+ 56. Kh2 e3 57. Qe8+ Kf5 58. Qd7+ Ke4 59.
Qc6+ Kd3 60. fxe3 Qh4+ 61. Kg1 Qg3+ 62. Kh1 Qh4+ 63. Kg1 Qg3+ 64. Kh1 Qh3+ 65.
Kg1 Qxe3+ 66. Kh2 Kd2 67. b7 Qf4+ 68. Kh1 Qf1+ 69. Kh2 Qf4+ 70. Kh1 Qh4+ 71.
Kg1 Qe1+ 72. Kh2 Qh4+ 73. Kg1 Qg5+ 74. Kh2 Qh5+ 75. Kg1 Qd1+ 76. Kh2 Qe2+ 77.
Kg1 Qf1+ 78. Kh2 Qf2+ 79. Kh1 Qe1+ 80. Kh2 Qf2+ 81. Kh1 1/2-1/2

[Event "I Magistral Ruibal"]
[Site "Buenos Aires ARG"]
[Date "2008.10.08"]
[Round "8.4"]
[White "Rodriguez Vila, Andres"]
[Black "Valerga, Diego"]
[Result "1/2-1/2"]
[WhiteElo "2531"]
[BlackElo "2502"]
[PlyCount "25"]
[EventDate "2008.09.29"]
[EventType "tourn"]
[EventRounds "9"]
[EventCountry "ARG"]
[EventCategory "9"]
[Source "lmi"]
[SourceDate "2008.09.29"]

1. d4 Nf6 2. Nf3 g6 3. g3 Bg7 4. Bg2 O-O 5. O-O d5 6. c4 dxc4 7. Na3 Nc6 8.
Nxc4 Be6 9. b3 Bd5 10. e3 a5 11. a4 Qc8 12. Rb1 Rd8 13. Qe2 1/2-1/2

[Event "I Magistral Ruibal"]
[Site "Buenos Aires ARG"]
[Date "2008.10.08"]
[Round "8.5"]
[White "Larsen, Bent"]
[Black "Mareco, Sandro"]
[Result "0-1"]
[WhiteElo "2461"]
[BlackElo "2477"]
[PlyCount "42"]
[EventDate "2008.09.29"]
[EventType "tourn"]
[EventRounds "9"]
[EventCountry "ARG"]
[EventCategory "9"]
[Source "lmi"]
[SourceDate "2008.09.29"]

1. b4 e5 2. Bb2 Bxb4 3. Bxe5 Nf6 4. c3 Be7 5. Qc2 Nc6 6. Bf4 O-O 7. a4 d5 8.
Nf3 Re8 9. g3 Bd6 10. Bxd6 Qxd6 11. e3 g6 12. a5 Bf5 13. d3 Qc5 14. Qb2 Nxa5
15. c4 Ng4 16. Qa3 Rxe3+ 17. fxe3 Qxe3+ 18. Be2 Re8 19. Ng1 Bxd3 20. Nc3 Nxc4
21. Qa2 Bxe2 0-1

[Event "I Magistral Ruibal"]
[Site "Buenos Aires ARG"]
[Date "2008.10.09"]
[Round "9.1"]
[White "Mareco, Sandro"]
[Black "Garcia Palermo, Carlos"]
[Result "0-1"]
[WhiteElo "2477"]
[BlackElo "2456"]
[PlyCount "50"]
[EventDate "2008.09.29"]
[EventType "tourn"]
[EventRounds "9"]
[EventCountry "ARG"]
[EventCategory "9"]
[Source "lmi"]
[SourceDate "2008.09.29"]

1. d4 Nf6 2. c4 e6 3. Nc3 d5 4. Bg5 Be7 5. Nf3 h6 6. Bh4 O-O 7. Rc1 Ne4 8. Bxe7
Qxe7 9. e3 Nxc3 10. Rxc3 c6 11. Qc2 Nd7 12. Bd3 dxc4 13. Rxc4 e5 14. O-O exd4
15. Rxd4 Nf6 16. Bc4 b5 17. Be2 c5 18. Rd2 Bd7 19. Nh4 Rfd8 20. Rfd1 c4 21. a4
a6 22. Bf3 Rab8 23. Rd6 bxa4 24. Qd2 Rdc8 25. g3 a3 0-1

[Event "I Magistral Ruibal"]
[Site "Buenos Aires ARG"]
[Date "2008.10.09"]
[Round "9.3"]
[White "Dos Santos, Ramiro"]
[Black "Rodriguez Vila, Andres"]
[Result "0-1"]
[WhiteElo "2435"]
[BlackElo "2531"]
[PlyCount "100"]
[EventDate "2008.09.29"]
[EventType "tourn"]
[EventRounds "9"]
[EventCountry "ARG"]
[EventCategory "9"]
[Source "lmi"]
[SourceDate "2008.09.29"]

1. e4 e5 2. Nf3 Nc6 3. Bb5 a6 4. Ba4 Nf6 5. O-O b5 6. Bb3 Bc5 7. c3 d6 8. a4
Bg4 9. h3 Bh5 10. d3 Rb8 11. axb5 axb5 12. Nbd2 O-O 13. Re1 h6 14. Nf1 b4 15.
Bc2 b3 16. Bb1 d5 17. Ng3 Bxf3 18. Qxf3 d4 19. Ra6 Bb6 20. Nf5 Kh8 21. g4 Nh7
22. h4 Ra8 23. Rxa8 Qxa8 24. cxd4 Nxd4 25. Qd1 Qa1 26. Be3 Qxb2 27. g5 hxg5 28.
hxg5 g6 29. Nxd4 Bxd4 30. Re2 Qa3 31. Bxd4 exd4 32. f4 Ra8 33. Qd2 Qa1 34. Qb2
Qxb2 35. Rxb2 Ra3 36. Kf2 Nf8 37. Ke2 Ne6 38. Kd1 Nc5 39. Kc1 Na4 40. Rh2+ Kg7
41. f5 gxf5 42. exf5 Ra1 43. Rh1 b2+ 44. Kc2 Ra3 45. Rf1 Rc3+ 46. Kd2 Rc5 47.
f6+ Kg6 48. Ba2 Rxg5 49. Kc2 Nc3 50. Kb3 Rb5+ 0-1